| 000 | 00375nam a2200157Ia 4500 | ||
|---|---|---|---|
| 003 | OSt | ||
| 005 | 20240307141539.0 | ||
| 008 | 170523s9999 xx 000 0 und d | ||
| 020 | _a978-0706979398 | ||
| 040 | _ciimtu meerut | ||
| 100 | _aNARI- NK | ||
| 245 | 0 | _aPURCHASING AND MATERIALS MANAGEMENT | |
| 260 | _bVIKAS PUBLICATION HOUSE | ||
| 260 | _c1990 | ||
| 942 |
_2ddc _c02 |
||
| 999 |
_c1196 _d1196 |
||